[Event "Udaipur Lakecity op 3rd"]
[Site "Udaipur"]
[Date "2019.03.28"]
[Round "1"]
[White "Avinash, Kumar Yadav"]
[Black "Dutta, Joydeep"]
[Result "0-1"]
[WhiteElo "1247"]
[BlackElo "2097"]
[PlyCount "69"]
[EventDate "2019.03.28"]
[EventType "swiss"]
[EventRounds "8"]
[EventCountry "IND"]
[SourceTitle "CBM 189 Extra"]
[Source "ChessBase"]
[SourceDate "2019.05.31"]
[SourceVersion "1"]
[SourceVersionDate "2019.05.31"]
[SourceQuality "1"]

1. e4 c5 2. Nf3 Nf6 3. Nc3 d5 4. e5 Ne4 5. Bb5+ Bd7 6. 0-0 Nxc3 7. Bxd7+ Qxd7 8. bxc3 Nc6 9. d4 e6 10. Rb1 Rc8 11. Ng5 h6 12. Nh3 Be7 13. Qg4 g6 14. Ba3 cxd4 15. Bxe7 Nxe7 16. Qxd4 b6 17. f4 Qc6 18. Rf3 Qc5 19. Qxc5 Rxc5 20. Nf2 h5 21. h4 Kd7 22. Rb3 Ra5 23. a3 Nc6 24. Nd3 Rc8 25. Nb4 Nd8 26. Kf2 Nb7 27. Nd3 Ra6 28. Nb4 Ra4 29. Nd3 Na5 30. Nb2 Nxb3 31. Nxa4 Nd2 32. Rd3 Nc4 33. Rd4 b5 34. Rxc4 Rxc4 35. Nb2 0-1